[Event "Russia Cup GP 6"]
[Site "Krasnodar RUS"]
[Date "1997.03.11"]
[Round "01"]
[White "Burmakin,V"]
[Black "Kiseleva,N"]
[Result "1-0"]
[WhiteElo "2530"]
[BlackElo "2350"]

1. d4 Nf6 2. c4 g6 3. Nf3 Bg7 4. g3 O-O 5. Bg2 d6 6. O-O Nc6 7. d5 Na5 8.
Nfd2 c5 9. a3 b6 10. b4 Nb7 11. Bb2 cxb4 12. axb4 Bd7 13. Nb3 a5 14. b5 Qc7
15. N1d2 Ng4 16. Bxg7 Kxg7 17. Nd4 Rae8 18. Nc6 Nc5 19. Ne4 Nxe4 20. Bxe4
f5 21. Bg2 e5 22. dxe6 Rxe6 23. e4 Bxc6 24. bxc6 Ne5 25. exf5 gxf5 26. Qd5
Ref6 27. f4 Nf7 28. Rab1 Rb8 29. Rfe1 Nd8 30. Re8 Nf7 31. Rxb8 Qxb8 32.
Qxa5 1-0

[Event "Russia Cup GP 6"]
[Site "Krasnodar RUS"]
[Date "1997.03.11"]
[Round "01"]
[White "Malaniuk,V"]
[Black "Alexikov,A"]
[Result "1-0"]
[WhiteElo "2610"]
[BlackElo "2420"]

1. d4 Nf6 2. Nf3 g6 3. c3 Bg7 4. Bg5 c5 5. e3 Qb6 6. Qb3 d5 7. Nbd2 c4 8.
Qa3 h6 9. Bh4 g5 10. Bg3 Bf5 11. b3 cxb3 12. axb3 Nc6 13. b4 Nh5 14. b5
Nxg3 15. hxg3 Nb8 16. c4 dxc4 17. Nxc4 Qe6 18. Bd3 Bxd3 19. Qxd3 Nd7 20.
O-O O-O 21. Ra5 a6 22. Rb1 Rfc8 23. Nfd2 Rab8 24. bxa6 bxa6 25. Rba1 Ra8
26. R1a4 Ra7 27. f4 Qg4 28. Nf1 Rac7 29. Rxa6 e6 30. Ra8 Bf8 31. Rxc8 Rxc8
32. Ra7 Rd8 33. Rxd7 1-0

[Event "Russia Cup GP 6"]
[Site "Krasnodar RUS"]
[Date "1997.03.11"]
[Round "01"]
[White "Nadanian,A"]
[Black "Dolmatov,S"]
[Result "0-1"]
[WhiteElo "2375"]
[BlackElo "2560"]

1. d4 Nf6 2. c4 g6 3. Nc3 Bg7 4. Nf3 O-O 5. Bg5 d6 6. e3 Nbd7 7. Be2 c6 8.
Qc2 a6 9. O-O b5 10. a3 Bb7 11. b3 Qc7 12. h3 Rac8 13. Rfe1 e5 14. Rad1
Rfe8 15. Bh4 exd4 16. exd4 Nh5 17. Bg5 Nf8 18. Bc1 Ne6 19. Bf1 d5 20. c5
Re7 21. Ne2 Rce8 22. Qd2 Bc8 23. g4 Nf6 24. Ng3 Nf8 25. Rxe7 Rxe7 26. Qf4
Qb7 27. Re1 Rxe1 28. Nxe1 Ne6 29. Qe3 Ne4 30. Nxe4 Bxd4 31. Qd3 dxe4 32.
Qxe4 Bxc5 33. Bg2 Qd7 34. Nd3 Bf8 35. Bb2 c5 36. Bf6 Qd6 37. Bf1 Nd8 38.
Bxd8 Qxd8 39. Qc6 Qd7 40. Qa8 Qc7 41. Ne5 Bd6 42. f4 Kg7 0-1

[Event "Russia Cup GP 6"]
[Site "Krasnodar RUS"]
[Date "1997.03.11"]
[Round "01"]
[White "Obukhov,A"]
[Black "Giorgadze,G"]
[Result "0-1"]
[WhiteElo "2415"]
[BlackElo "2595"]

1. Nf3 d5 2. d4 c6 3. c4 e6 4. Qc2 Nf6 5. g3 Be7 6. Bg2 O-O 7. O-O Nbd7 8.
b3 b5 9. Nbd2 Ba6 10. c5 b4 11. Re1 Bb5 12. a4 bxa3 13. Bxa3 a5 14. Bb2 Qc7
15. Bc3 Ra6 16. e3 Rfa8 17. Ra2 Qb8 18. Rea1 Bd8 19. Qd1 Bc7 20. Bf1 Qb7
21. Ra3 Ne8 22. R1a2 e5 23. Bh3 exd4 24. Bxd4 Bd8 25. e4 Be7 26. Qc2 Nf8
27. Qc3 Qc7 28. Nh4 Bxh4 29. gxh4 dxe4 30. Nxe4 Qf4 31. Bg2 Rd8 32. Ra1 Ne6
33. Be5 Qxh4 34. Rxa5 Rxa5 35. Qxa5 Qh5 36. Bd6 Nxd6 37. cxd6 Qe5 38. Rd1
f5 39. Qc3 Qf4 40. Nf6+ gxf6 41. Qxf6 Rxd6 0-1

[Event "Russia Cup GP 6"]
[Site "Krasnodar RUS"]
[Date "1997.03.11"]
[Round "01"]
[White "Rublevsky,S"]
[Black "Kalichkin,I"]
[Result "1-0"]
[WhiteElo "2645"]
[BlackElo "2425"]

1. e4 e6 2. d4 d5 3. Nd2 c5 4. exd5 Qxd5 5. dxc5 Bxc5 6. Ngf3 Nf6 7. Bd3
Nc6 8. Qe2 Nb4 9. Bb5+ Bd7 10. Bxd7+ Qxd7 11. Nb3 Be7 12. O-O O-O 13. Bf4
Rfd8 14. Rfd1 Qe8 15. Nbd4 Rac8 16. c4 a6 17. Ne5 Bc5 18. Nb3 Be7 19. a3
Nc6 20. Nxc6 Qxc6 21. Na5 Qe4 22. Qxe4 Nxe4 23. f3 Nd6 24. Bxd6 Rxd6 25.
Rxd6 Bxd6 26. Rd1 Be5 27. b3 b6 28. Nc6 Bf6 29. Rd6 Kf8 30. a4 a5 31. Kf1
Ke8 32. h3 Rc7 33. c5 Be7 34. cxb6 Bxd6 35. bxc7 Bxc7 36. b4 axb4 37. Nxb4
Kd7 38. Ke2 Kd6 39. Kd3 e5 40. Kc4 f5 41. Nd5 Bd8 42. Ne3 Kc6 43. Nd5 g6
44. Ne3 Bc7 45. g4 fxg4 46. Nxg4 h5 47. Ne3 Kd6 48. Kd3 Ke6 49. Ke4 Ba5 50.
Nc4 Bc3 51. a5 Bb4 52. a6 Bc5 53. Nxe5 1-0

[Event "Russia Cup GP 6"]
[Site "Krasnodar RUS"]
[Date "1997.03.11"]
[Round "01"]
[White "Sherbakov,R"]
[Black "Koniushkov,I"]
[Result "1/2-1/2"]
[WhiteElo "2580"]
[BlackElo "2405"]

1. d4 d5 2. c4 e6 3. Nc3 Be7 4. cxd5 exd5 5. Bf4 Nf6 6. e3 Bf5 7. Nge2 O-O
8. Ng3 Be6 9. Bd3 c5 10. dxc5 Bxc5 11. O-O Nc6 12. Rc1 d4 13. Nb5 Bb6 14.
e4 Ng4 15. h3 Nge5 16. Bxe5 Nxe5 17. f4 Nxd3 18. Qxd3 f6 19. Na3 1/2-1/2

[Event "Russia Cup GP 6"]
[Site "Krasnodar RUS"]
[Date "1997.03.11"]
[Round "01"]
[White "Tsamriuk,A"]
[Black "Landa,K"]
[Result "0-1"]
[WhiteElo "2375"]
[BlackElo "2570"]

1. d4 d5 2. c4 e6 3. Nc3 Bb4 4. cxd5 exd5 5. Nf3 c6 6. Qc2 Ne7 7. Bf4 Bf5
8. Qb3 Qb6 9. e3 Ng6 10. Bg3 Nd7 11. Be2 Be7 12. Nd2 h5 13. h4 Qxb3 14.
Nxb3 a5 15. Nd2 a4 16. a3 Nf6 17. Rc1 O-O 18. O-O Ng4 19. Nf3 Rfe8 20. Rfe1
Nf8 21. Bd1 b5 22. Na2 Rec8 23. Be2 Nd7 24. Nb4 Bxb4 25. axb4 Nb6 26. Ne5
Nc4 27. Nxc4 bxc4 28. e4 Be6 29. exd5 cxd5 30. Bxg4 hxg4 31. Bd6 a3 32.
bxa3 Rxa3 33. Kh2 Rb3 34. Re3 Bf5 35. Rce1 Rb2 36. Kg3 c3 37. Re8+ Rxe8 38.
Rxe8+ Kh7 39. Re7 c2 40. Rc7 Rb3+ 41. Kf4 Bd3 42. Kxg4 Bc4 43. Bf4 Rd3 44.
Ra7 Rxd4 45. Ra1 Be2+ 46. f3 Rxb4 47. Rc1 Bd1 48. Kf5 g6+ 49. Kg4 d4 50.
Bd2 Rb6 51. Kg3 Re6 52. Ra1 Re2 53. Bg5 d3 54. Ra8 Kg7 55. Rd8 d2 56. Rxd2
Re5 57. Bf4 0-1

[Event "Russia Cup GP 6"]
[Site "Krasnodar RUS"]
[Date "1997.03.11"]
[Round "01"]
[White "Tseshkovsky,V"]
[Black "Matikozian,A"]
[Result "1-0"]
[WhiteElo "2510"]
[BlackElo "2305"]

1. e4 c5 2. Nf3 d6 3. d4 cxd4 4. Nxd4 Nf6 5. Nc3 a6 6. Be2 e6 7. f4 Nbd7 8.
g4 h6 9. h4 b5 10. g5 hxg5 11. fxg5 b4 12. gxf6 Nxf6 13. Nd5 exd5 14. Nc6
Qb6 15. exd5 Ne4 16. Rf1 Rxh4 17. Qd3 Bh3 18. Be3 Nc5 19. Bxc5 Qxc5 20. Rf3
Qg1+ 21. Kd2 Qg5+ 22. Qe3+ Be7 23. Nxe7 Qxe7 24. Rxh3 1-0

[Event "Russia Cup GP 6"]
[Site "Krasnodar RUS"]
[Date "1997.03.11"]
[Round "01"]
[White "Turov,M"]
[Black "Aleksandrov,A"]
[Result "0-1"]
[WhiteElo "2425"]
[BlackElo "2615"]

1. e4 e5 2. Nf3 Nc6 3. Bb5 Nf6 4. O-O Nxe4 5. d4 Nd6 6. Bxc6 dxc6 7. dxe5
Nf5 8. Qxd8+ Kxd8 9. b3 a5 10. Nc3 Ke8 11. h3 Bb4 12. Ne4 a4 13. Bb2 h5 14.
Bc3 Be7 15. Rfe1 Be6 16. Nfg5 Bxg5 17. Nxg5 c5 18. Rad1 axb3 19. axb3 Ra2
20. Rd2 Ke7 21. Red1 Nd4 22. Bxd4 cxd4 23. b4 Rha8 24. Nf3 Rb2 25. Rxd4
Rxc2 26. R1d2 Rxd2 27. Nxd2 Ra4 28. Ne4 b6 29. Nc3 Ra3 30. Ne4 Ra4 31. Nc3
Ra1+ 32. Kh2 Rc1 33. Rd3 Bc4 34. Re3 Rc2 35. Nd1 Be6 36. Nc3 Bc4 37. Nd1 g6
38. Re4 Bb3 39. Kg3 Rd2 40. Ne3 Ke6 41. Nc4 Rc2 42. Ne3 Rd2 43. Nc4 Rd5 44.
f4 Rd3+ 45. Kf2 Kd5 0-1

[Event "Russia Cup GP 6"]
[Site "Krasnodar RUS"]
[Date "1997.03.12"]
[Round "02"]
[White "Alavkin,A"]
[Black "Tseshkovsky,V"]
[Result "1/2-1/2"]
[WhiteElo "2375"]
[BlackElo "2510"]

1. e4 e5 2. Nf3 Nc6 3. Nc3 Nf6 4. Bb5 Nd4 5. Ba4 c6 6. Nxe5 d5 7. d3 Qa5 8.
Be3 Nb5 9. Bxb5 cxb5 10. O-O Bd6 11. f4 b4 12. Nxd5 Nxd5 13. exd5 Qxd5 14.
c4 bxc3 15. bxc3 O-O 16. Qb3 Qe6 17. d4 Qe7 18. Rae1 Be6 19. d5 Bf5 20. Bd4
Qc7 21. c4 b6 22. Nc6 Bd7 23. Ne5 Rac8 24. Qg3 f6 25. Nxd7 Qxd7 26. Re6
Rxc4 27. Ba1 1/2-1/2

[Event "Russia Cup GP 6"]
[Site "Krasnodar RUS"]
[Date "1997.03.12"]
[Round "02"]
[White "Averkin,Or"]
[Black "Burmakin,V"]
[Result "0-1"]
[WhiteElo "2425"]
[BlackElo "2530"]

1. d4 d5 2. c4 c6 3. Nf3 Nf6 4. Nc3 a6 5. e3 b5 6. cxd5 cxd5 7. a4 b4 8.
Na2 e6 9. Bd2 Nc6 10. Be2 Qb6 11. O-O Bb7 12. Ne5 a5 13. Rc1 Nxe5 14. dxe5
Ne4 15. Bb5+ Kd8 16. Be1 Ba6 17. Rc6 Qb7 18. Rxa6 Rxa6 19. Bxa6 Qxa6 20. f3
Nc5 21. e4 Nd3 22. Bh4+ Kc7 23. exd5 exd5 24. Bg5 Bc5+ 25. Kh1 Nxb2 26. Qb1
Qd3 27. Qc1 Kb6 28. Re1 Qa3 29. Qb1 Re8 30. Nc1 g6 31. Qc2 0-1

[Event "Russia Cup GP 6"]
[Site "Krasnodar RUS"]
[Date "1997.03.12"]
[Round "02"]
[White "Beshukov,S"]
[Black "Ulibin,M"]
[Result "1/2-1/2"]
[WhiteElo "2435"]
[BlackElo "2555"]

1. Nf3 Nf6 2. g3 d5 3. Bg2 g6 4. O-O Bg7 5. d4 O-O 6. c4 c6 7. Qb3 dxc4 8.
Qxc4 Bf5 9. Nc3 Nbd7 10. e3 Ne4 11. Nh4 Be6 12. Qe2 Nxc3 13. bxc3 Qa5 14.
Bd2 Nb6 15. Rfc1 Bc4 16. Qd1 Rad8 17. f4 Na4 18. Nf3 c5 1/2-1/2

[Event "Russia Cup GP 6"]
[Site "Krasnodar RUS"]
[Date "1997.03.12"]
[Round "02"]
[White "Fedorov,A"]
[Black "Kobylkin,E"]
[Result "1-0"]
[WhiteElo "2580"]
[BlackElo "2385"]

1. e4 e6 2. Qe2 Ne7 3. g3 d5 4. Bg2 c5 5. d3 Nbc6 6. Nf3 g6 7. O-O Bg7 8.
e5 Qc7 9. Re1 b6 10. Na3 a6 11. c3 Bb7 12. d4 Nf5 13. g4 Nfe7 14. Nc2 h5
15. h3 hxg4 16. hxg4 a5 17. Bg5 Ng8 18. Na3 Ba6 19. Nb5 Qd7 20. a4 Nh6 21.
c4 O-O 22. cxd5 exd5 23. e6 fxe6 24. Qxe6+ Qxe6 25. Rxe6 Bxb5 26. axb5 Nb4
27. Rxg6 Kh7 28. Rxb6 Nxg4 29. Be7 Rfb8 30. Ng5+ Kh8 31. Bxc5 Rxb6 32. Bxb6
Rb8 33. Bc5 Rxb5 34. Nf7+ Kh7 35. Nd6 Rb8 36. Rxa5 Nd3 37. Bxd5 Ndxf2 38.
Rb5 Rd8 39. Bf3 Rf8 40. Kg2 Nh2 41. Be2 Nhg4 42. Rb3 Bh6 43. Rf3 Rg8 44.
Rxf2 1-0

[Event "Russia Cup GP 6"]
[Site "Krasnodar RUS"]
[Date "1997.03.12"]
[Round "02"]
[White "Gagloshvili,R"]
[Black "Shariyazdanov,A"]
[Result "0-1"]
[WhiteElo "2220"]
[BlackElo "2525"]

1. d4 Nf6 2. Nf3 c5 3. e3 e6 4. Bd3 Nc6 5. a3 d5 6. b3 cxd4 7. exd4 Ne4 8.
Bb2 Bd6 9. Nbd2 f5 10. Qe2 Qf6 11. c4 O-O 12. b4 a6 13. Nb3 g5 14. Nfd2 g4
15. O-O-O a5 16. Bxe4 fxe4 17. Qxg4+ Kh8 18. b5 a4 19. bxc6 axb3 20. c5 Bf4
21. g3 Bc7 22. Nxe4 dxe4 23. Qxe4 Qg5+ 24. f4 Qd5 25. Qxd5 exd5 26. cxb7
Bxb7 27. Rd3 Rae8 28. Rxb3 Bc6 29. Kd2 Re4 30. Re3 Ba5+ 31. Ke2 Bb5+ 32.
Kf3 Rxe3+ 33. Kxe3 Re8+ 34. Kf3 Be2+ 35. Kf2 Bg4 36. h3 Re2+ 37. Kg1 Re1+
38. Kh2 Re2+ 39. Kg1 Bf5 40. Rh2 Re1+ 41. Kf2 Bd2 42. g4 Bd3 43. Kg3 Rg1+
44. Kf3 Be4+ 45. Ke2 Rb1 46. c6 Bxf4 0-1

[Event "Russia Cup GP 6"]
[Site "Krasnodar RUS"]
[Date "1997.03.12"]
[Round "02"]
[White "Koniushkov,I"]
[Black "Yakovich,Y"]
[Result "0-1"]
[WhiteElo "2405"]
[BlackElo "2575"]

1. d4 Nf6 2. Nf3 e6 3. c4 c5 4. d5 exd5 5. cxd5 d6 6. Nc3 g6 7. e4 a6 8. a4
Bg4 9. Be2 Bxf3 10. Bxf3 Bg7 11. O-O Nbd7 12. Be2 O-O 13. f4 Re8 14. Bf3
Qa5 15. Bd2 c4 16. Kh1 Qc7 17. Qc2 Nc5 18. Rae1 Nfd7 19. Re2 Rab8 20. Bg4
Nb3 21. Be3 Ndc5 22. Bxc5 Qxc5 23. Ref2 Qd4 24. Rd1 Qe3 25. Qe2 Qc5 26. e5
f5 27. Bf3 dxe5 28. fxe5 Bxe5 29. Qf1 Nd4 30. d6 Bxd6 31. Bd5+ Kg7 32. Qxc4
Qxc4 33. Bxc4 Be5 34. Ne2 Rbd8 35. Nxd4 Rxd4 36. Rc1 Rc8 37. b3 b5 38. axb5
axb5 39. Re2 Bf6 0-1

[Event "Russia Cup GP 6"]
[Site "Krasnodar RUS"]
[Date "1997.03.12"]
[Round "02"]
[White "Landa,K"]
[Black "Asrian,K"]
[Result "1/2-1/2"]
[WhiteElo "2570"]
[BlackElo "2440"]

1. d4 d5 2. Nf3 Nf6 3. c4 e6 4. Nc3 Be7 5. Bg5 h6 6. Bh4 O-O 7. e3 b6 8.
Qb3 Bb7 9. Bxf6 Bxf6 10. cxd5 exd5 11. Rd1 Re8 12. Be2 c6 13. O-O Na6 14.
Rfe1 Nc7 15. Qc2 Ne6 16. a3 Re7 17. Qf5 Bc8 18. Qh5 Qf8 19. Ne5 Ng5 20. Ng4
Bxg4 21. Qxg4 Ne4 22. Nxe4 Rxe4 23. Qf5 Qc8 24. Qxc8+ Rxc8 25. Rd2 Re7 26.
Bg4 Rb8 27. Bf3 c5 28. dxc5 bxc5 29. Bxd5 Rxb2 30. Rxb2 Bxb2 31. a4 Rd7 32.
e4 Rd6 33. Rb1 Rb6 34. Kf1 Rb4 35. f3 a5 36. Ke2 1/2-1/2

[Event "Russia Cup GP 6"]
[Site "Krasnodar RUS"]
[Date "1997.03.12"]
[Round "02"]
[White "Tregubov,P"]
[Black "Prokopchuk,E"]
[Result "1/2-1/2"]
[WhiteElo "2525"]
[BlackElo "2440"]

1. d4 Nf6 2. Nf3 e6 3. c4 b6 4. g3 Bb7 5. Bg2 Be7 6. O-O O-O 7. d5 exd5 8.
Nh4 Ne4 9. cxd5 Bxh4 10. Bxe4 Bf6 11. Qc2 h6 12. Nc3 Re8 13. Bg2 Na6 14. a3
Bxc3 15. Qxc3 Rxe2 16. b4 Re8 17. Bb2 f6 18. Qd3 d6 19. Bh3 Nb8 20. Be6+
Kh8 21. Qf5 Bc8 22. Rae1 Bxe6 23. Rxe6 Rxe6 24. Qxe6 Nd7 25. Rc1 a5 26. Qf7
axb4 27. axb4 Rc8 28. f4 b5 29. Bd4 Nb8 30. Re1 c5 31. Re7 Qg8 32. bxc5
Qxf7 33. Rxf7 dxc5 34. Bxc5 Rxc5 35. Rf8+ Kh7 36. Rxb8 Rxd5 37. Kg2 Rd2+
38. Kf3 Rb2 39. f5 h5 40. h4 b4 41. Ke3 Rb3+ 42. Kf4 Rb1 43. Kf3 b3 44. Kg2
g6 45. fxg6+ Kxg6 46. Rb5 f5 47. Kf3 Kf6 48. Kf2 Ke6 49. Kg2 Kd6 50. Rxf5
Kc6 51. Rf8 Kc5 52. Rb8 Kc4 53. g4 hxg4 54. h5 Rd1 55. h6 Rd7 56. Kg3 Rh7
57. Rb6 Kc3 58. Kxg4 b2 1/2-1/2

[Event "Russia Cup GP 6"]
[Site "Krasnodar RUS"]
[Date "1997.03.12"]
[Round "02"]
[White "Volkov,S"]
[Black "Malaniuk,V"]
[Result "1/2-1/2"]
[WhiteElo "2480"]
[BlackElo "2610"]

1. d4 f5 2. g3 Nf6 3. Bg2 g6 4. Nh3 d6 5. Nc3 c6 6. Bg5 Bg7 7. Qd2 Nbd7 8.
Bh6 O-O 9. Bxg7 Kxg7 10. O-O Nb6 11. b3 e5 12. a4 a5 13. dxe5 dxe5 14. Rad1
Qxd2 15. Rxd2 h6 16. Re1 g5 17. f3 Be6 18. Nf2 Rad8 19. Red1 Rxd2 20. Rxd2
Nbd7 1/2-1/2

[Event "Russia Cup GP 6"]
[Site "Krasnodar RUS"]
[Date "1997.03.13"]
[Round "03"]
[White "Asrian,K"]
[Black "Dolmatov,S"]
[Result "1/2-1/2"]
[WhiteElo "2440"]
[BlackElo "2560"]

1. e4 e6 2. d4 d5 3. Nd2 c5 4. exd5 exd5 5. Bb5+ Bd7 6. Qe2+ Be7 7. dxc5
Nf6 8. Nb3 O-O 9. Be3 Re8 10. Nf3 a6 11. Bd3 Ba4 12. Nbd4 Bxc5 13. h3 Nc6
14. c3 Nxd4 15. Nxd4 Bxd4 16. cxd4 Bb5 17. O-O Bxd3 18. Qxd3 1/2-1/2

[Event "Russia Cup GP 6"]
[Site "Krasnodar RUS"]
[Date "1997.03.13"]
[Round "03"]
[White "Burmakin,V"]
[Black "Giorgadze,G"]
[Result "0-1"]
[WhiteElo "2530"]
[BlackElo "2595"]

1. d4 Nf6 2. c4 e6 3. Nf3 d5 4. cxd5 exd5 5. Nc3 c6 6. Bg5 h6 7. Bh4 Bf5 8.
e3 Nbd7 9. Bd3 Bxd3 10. Qxd3 Bd6 11. O-O O-O 12. Rab1 Qe7 13. Rfe1 Qe6 14.
Nd2 Rfe8 15. f3 Nf8 16. e4 dxe4 17. fxe4 Ng6 18. Bxf6 gxf6 19. Qf3 Rad8 20.
Nf1 Bc7 21. d5 Qe5 22. Ng3 Nh4 23. Qg4+ Qg5 24. Qh3 Ng6 25. Nf5 Nf4 26. Qg4
h5 27. Qxg5+ fxg5 28. Rbd1 cxd5 29. Nxd5 Nxd5 30. exd5 Rxe1+ 31. Rxe1 Kh7
32. Rd1 Kg6 33. Ng3 f5 34. Ne2 Be5 35. Rd2 f4 36. Kf2 g4 37. h3 Kf5 38.
hxg4+ hxg4 39. Nc3 Bd6 40. Nb5 Bc5+ 41. Kf1 Be3 42. Rd3 Ke4 43. Rb3 Rh8 44.
Nc3+ Ke5 45. Nd1 Rh1+ 46. Ke2 Bd4 47. d6 Kxd6 48. Nc3 Bxc3 49. Rxc3 f3+ 0-1

[Event "Russia Cup GP 6"]
[Site "Krasnodar RUS"]
[Date "1997.03.13"]
[Round "03"]
[White "Malaniuk,V"]
[Black "Poluljahov,A"]
[Result "1/2-1/2"]
[WhiteElo "2610"]
[BlackElo "2510"]

1. d4 Nf6 2. Nf3 g6 3. c4 Bg7 4. Nc3 O-O 5. Bg5 d6 6. e3 c5 7. Be2 h6 8.
Bh4 g5 9. Bg3 Nh5 10. dxc5 Nxg3 11. hxg3 dxc5 12. Qc2 e6 13. Rd1 Qe7 14.
Ne4 f5 15. Nd6 Nc6 16. O-O 1/2-1/2

[Event "Russia Cup GP 6"]
[Site "Krasnodar RUS"]
[Date "1997.03.13"]
[Round "03"]
[White "Sherbakov,R"]
[Black "Volkov,S"]
[Result "1/2-1/2"]
[WhiteElo "2580"]
[BlackElo "2480"]

1. d4 d5 2. c4 c6 3. Nf3 Nf6 4. Nc3 a6 5. c5 Nbd7 6. Bf4 Nh5 7. Bd2 g6 8.
e4 dxe4 9. Nxe4 Ndf6 10. Nc3 Ng7 11. Qb3 Nf5 12. Bc4 e6 13. O-O Bg7 14. Bf4
Nd5 15. Bxd5 cxd5 16. Na4 Bd7 17. Nb6 Ra7 18. Rad1 Bc6 19. h3 O-O 20. Rfe1
Re8 21. Qc3 a5 22. Be5 Bf8 23. Bh2 Ra6 24. Qd3 f6 25. Rc1 Nh6 1/2-1/2

[Event "Russia Cup GP 6"]
[Site "Krasnodar RUS"]
[Date "1997.03.13"]
[Round "03"]
[White "Tsamriuk,A"]
[Black "Kobalija,M"]
[Result "0-1"]
[WhiteElo "2375"]
[BlackElo "2545"]

1. d4 f5 2. Bg5 g6 3. Nd2 Bg7 4. e3 Nf6 5. c3 Nc6 6. Bb5 O-O 7. Ngf3 d6 8.
Qa4 Bd7 9. Bxf6 Bxf6 10. d5 Nb8 11. Nd4 Bxd4 12. exd4 c6 13. dxc6 Nxc6 14.
O-O a6 15. Bxc6 Bxc6 16. Qb3+ Kg7 17. d5 Bd7 18. Nf3 b5 19. Nd4 Rc8 20.
Rfe1 Re8 21. Re3 Rc5 22. a4 bxa4 23. Rxa4 Bxa4 24. Ne6+ Kg8 25. Qxa4 Ra5
26. Qd1 Qb6 27. b4 Ra2 28. g4 Rc8 29. Nd4 Qb7 30. Qe1 fxg4 31. Nc6 e5 32.
Re2 Rxe2 33. Qxe2 Rf8 34. c4 Qd7 35. c5 Kg7 36. Qe4 Rf4 37. Nxe5 Rxe4 38.
Nxd7 Rxb4 39. cxd6 Rb5 0-1

[Event "Russia Cup GP 6"]
[Site "Krasnodar RUS"]
[Date "1997.03.13"]
[Round "03"]
[White "Tseshkovsky,V"]
[Black "Fedorov,A"]
[Result "0-1"]
[WhiteElo "2510"]
[BlackElo "2580"]

1. e4 c5 2. Nf3 d6 3. Bc4 Nc6 4. c3 Nf6 5. d3 g6 6. Bb3 Bg7 7. Ng5 O-O 8.
f4 b5 9. O-O h6 10. Nf3 c4 11. dxc4 Nxe4 12. cxb5 Qb6+ 13. Kh1 Qxb5 14. Na3
Qc5 15. Qd5 Nf6 16. Qxc5 dxc5 17. Be3 Na5 18. Bxc5 Nxb3 19. axb3 Nd5 20.
Nc4 Nxf4 21. Bxe7 Re8 22. Bd6 Nd5 23. Bc5 Be6 24. Bd4 Nb6 25. Bxg7 Kxg7 26.
Nd6 Red8 27. Nb7 Rdc8 28. Nd4 Bd5 29. Nd6 Rd8 30. N6b5 Rd7 31. Ra6 Re7 32.
Kg1 Nc8 33. Nd6 Nxd6 34. Rxd6 Bb7 35. c4 Rc8 36. Ra1 a6 37. Kf2 Rc5 38. g3
Rec7 39. Re1 Ra5 40. Rc1 Ra2 41. Rc2 Ra1 42. Re2 Rh1 43. Ke3 Re7+ 44. Kd2
Rxe2+ 45. Nxe2 Rxh2 46. Ke3 Bc8 47. c5 Bg4 48. Nd4 Rxb2 49. Rxa6 Rg2 50. c6
Rxg3+ 51. Ke4 h5 52. c7 h4 53. Kf4 g5+ 54. Ke4 Rc3 55. Nf5+ Bxf5+ 56. Kxf5
Rc5+ 57. Kg4 f6 58. Ra7 Kg6 59. Kh3 Rc2 60. Kg4 Rc3 0-1

[Event "Russia Cup GP 6"]
[Site "Krasnodar RUS"]
[Date "1997.03.13"]
[Round "03"]
[White "Ulibin,M"]
[Black "Alavkin,A"]
[Result "1-0"]
[WhiteElo "2555"]
[BlackElo "2375"]

1. e4 e6 2. d4 d5 3. Nc3 Nf6 4. e5 Nfd7 5. f4 c5 6. Nf3 Qb6 7. Be3 a6 8.
Na4 Qc6 9. Nxc5 Nxc5 10. dxc5 Bxc5 11. Qd2 Qb6 12. Bxc5 Qxc5 13. O-O-O Nc6
14. Kb1 Bd7 15. g3 Rc8 16. h4 Qb4 17. Qf2 Na5 18. Nd4 O-O 19. h5 b5 20. Qe3
Qe7 21. Bd3 Nc4 22. Bxc4 dxc4 23. c3 b4 24. g4 Ba4 25. Rd2 Rfd8 26. g5 Qb7
27. Re1 Rb8 28. Ka1 bxc3 29. Qxc3 Rd5 30. Qxc4 Qd7 31. b3 Bb5 32. Qc3 Rd8
33. Red1 Rc8 34. Qe3 Qa7 35. Kb2 Qb6 36. Nf5 Qc7 37. Nd6 Rxd2+ 38. Qxd2 Rd8
39. Rc1 Qb6 40. Re1 Qc5 41. Qe3 Qd5 42. h6 a5 43. Rc1 Bd7 44. Qe4 Qd2+ 45.
Rc2 Qd1 46. hxg7 Qg1 47. Rg2 Qh1 48. Qc2 1-0

[Event "Russia Cup GP 6"]
[Site "Krasnodar RUS"]
[Date "1997.03.13"]
[Round "03"]
[White "Vaulin,A"]
[Black "Landa,K"]
[Result "1/2-1/2"]
[WhiteElo "2490"]
[BlackElo "2570"]

1. c4 e5 2. Nc3 Nc6 3. Nf3 Bb4 4. Nd5 e4 5. Nxb4 Nxb4 6. Nd4 Qe7 7. Qb3 Nh6
8. d3 c5 9. Bxh6 gxh6 10. Nf5 Qe5 11. dxe4 d5 12. cxd5 Bxf5 13. exf5 O-O-O
14. Rc1 Kb8 15. e3 Rxd5 16. Bc4 Rd7 17. O-O Qxf5 18. a3 Nc6 19. Bb5 Rd6 20.
Bxc6 Rxc6 21. Rfd1 Rhc8 22. Qc4 Qf6 23. b3 a6 24. h3 R8c7 25. Rc2 Rd6
1/2-1/2

[Event "Russia Cup GP 6"]
[Site "Krasnodar RUS"]
[Date "1997.03.13"]
[Round "03"]
[White "Yakovich,Y"]
[Black "Beshukov,S"]
[Result "1-0"]
[WhiteElo "2575"]
[BlackElo "2435"]

1. d4 Nf6 2. c4 g6 3. Nc3 d5 4. Bf4 Bg7 5. e3 c5 6. dxc5 Qa5 7. Qa4+ Qxa4
8. Nxa4 Ne4 9. f3 Bd7 10. fxe4 Bxa4 11. cxd5 Nd7 12. Rc1 Bxb2 13. Rc4 b5
14. cxb6 axb6 15. Nf3 b5 16. Rc7 b4 17. Bc4 Bc3+ 18. Ke2 Nb6 19. Bb3 Bxb3
20. axb3 Ra2+ 21. Kd3 O-O 22. Rxe7 Bf6 23. Rb7 Rc8 24. Rc7 Rca8 25. Rc6 Nd7
26. e5 Be7 27. Rhc1 R8a5 28. d6 Bf8 29. Rc7 Nb6 30. Rb7 Nd5 31. Ke4 1-0

[Event "Russia Cup GP 6"]
[Site "Krasnodar RUS"]
[Date "1997.03.14"]
[Round "04"]
[White "Aleksandrov,A"]
[Black "Ulibin,M"]
[Result "1/2-1/2"]
[WhiteElo "2615"]
[BlackElo "2555"]

1. d4 e6 2. c4 f5 3. Nc3 Nf6 4. Qc2 Bb4 5. e3 O-O 6. Bd3 c5 7. Nge2 Nc6 8.
O-O d6 9. a3 Bxc3 10. Qxc3 a5 11. Qc2 Qb6 12. dxc5 dxc5 13. Nc3 Ne5 14. Be2
Bd7 15. b3 Bc6 16. Bb2 Nf7 17. Nb5 Qd8 18. Rad1 Qe7 19. f3 b6 20. Bc3 Rad8
21. Qb2 Rxd1 22. Rxd1 Rd8 23. Rxd8+ Qxd8 24. Na7 1/2-1/2

[Event "Russia Cup GP 6"]
[Site "Krasnodar RUS"]
[Date "1997.03.14"]
[Round "04"]
[White "Ananchenko,I"]
[Black "Tseshkovsky,V"]
[Result "1-0"]
[WhiteElo "2290"]
[BlackElo "2510"]

1. Nf3 g6 2. c4 Bg7 3. Nc3 c5 4. d4 cxd4 5. Nxd4 Nc6 6. Nc2 d6 7. e4 Nf6 8.
Be2 O-O 9. O-O Nd7 10. Bd2 Nc5 11. b4 Ne6 12. Rc1 Bd7 13. Nd5 Rc8 14. Be3
Ne5 15. Na1 b6 16. f4 Nc6 17. Nb3 Nc7 18. Qd2 e6 19. Nxc7 Qxc7 20. Rfd1
Rcd8 21. b5 Nb8 22. Qxd6 Qb7 23. e5 g5 24. Bf3 Qc8 25. Qe7 gxf4 26. Bxf4
Rde8 27. Qh4 Qd8 28. Qh3 Qe7 29. Be4 f5 30. exf6 Bxf6 31. Bd6 Qg7 32. Bxh7+
Qxh7 33. Qxh7+ Kxh7 34. Bxb8 Rf7 35. Bxa7 Bxb5 36. Bxb6 Bc6 37. Nd4 Ba8 38.
c5 Rg8 39. c6 Rfg7 40. Rc2 e5 41. Ne6 Rg6 42. Nc7 1-0

[Event "Russia Cup GP 6"]
[Site "Krasnodar RUS"]
[Date "1997.03.14"]
[Round "04"]
[White "Dolmatov,S"]
[Black "Maiorov,O"]
[Result "1-0"]
[WhiteElo "2560"]
[BlackElo "2435"]

1. e4 c5 2. Nf3 d6 3. d4 cxd4 4. Nxd4 Nf6 5. Nc3 a6 6. Be2 e5 7. Nb3 Be7 8.
O-O O-O 9. Kh1 Be6 10. f4 Qc7 11. f5 Bc4 12. Bg5 Nbd7 13. a4 Rfc8 14. a5 b5
15. axb6 Qxb6 16. Bxc4 Rxc4 17. Qd3 Qc7 18. Be3 Qc8 19. Na5 Rc7 20. Ra4 Rb8
21. Nc4 Rxb2 22. Nxb2 Rxc3 23. Rc4 Qxc4 24. Nxc4 Rxd3 25. cxd3 d5 26. exd5
Nxd5 27. Rb1 Bb4 28. Bd2 Bf8 29. Kg1 f6 30. Kf2 h5 31. Kg3 Nc5 32. Ne3 Nf4
33. Kh4 Nfxd3 34. Kxh5 Ne4 35. Ba5 Bc5 36. Nd5 Kh7 37. Bb6 Bd4 38. g3 Ndf2
39. Bxd4 exd4 40. Nf4 Nd6 41. Rb2 Nfe4 42. g4 Nb5 43. Ra2 Nc5 44. Re2 Nd6
45. Rc2 Nce4 46. Rc6 a5 47. Ra6 Nf7 48. Rxa5 Ne5 49. Rd5 Nf2 50. Rxd4 Nfxg4
51. Ng6 Nh6 52. Rd8 Ng8 53. Nxe5 fxe5 54. Kg5 Nf6 55. Ra8 Ne4+ 56. Kh4 Nd6
57. Kg4 Nf7 58. Ra7 Nh6+ 59. Kg5 Ng8 60. Ra3 Nf6 61. Re3 e4 62. Ra3 1-0

[Event "Russia Cup GP 6"]
[Site "Krasnodar RUS"]
[Date "1997.03.14"]
[Round "04"]
[White "Galkin,A"]
[Black "Yakovich,Y"]
[Result "1/2-1/2"]
[WhiteElo "2510"]
[BlackElo "2575"]

1. e4 c5 2. Nf3 Nc6 3. d4 cxd4 4. Nxd4 Nf6 5. Nc3 e5 6. Ndb5 d6 7. Bg5 a6
8. Na3 b5 9. Bxf6 gxf6 10. Nd5 Bg7 11. Bd3 Ne7 12. Nxe7 Qxe7 13. c3 f5 14.
O-O Bb7 15. exf5 Qg5 16. g3 O-O 1/2-1/2

[Event "Russia Cup GP 6"]
[Site "Krasnodar RUS"]
[Date "1997.03.14"]
[Round "04"]
[White "Minasian,Ara"]
[Black "Sherbakov,R"]
[Result "1/2-1/2"]
[WhiteElo "2440"]
[BlackElo "2580"]

1. g3 d5 2. Bg2 c6 3. d3 Nf6 4. Nd2 Bg4 5. h3 Bd7 6. e4 dxe4 7. dxe4 g6 8.
Ne2 Qc8 9. Nf4 Bg7 10. e5 Nd5 11. Nf3 O-O 12. g4 Na6 13. O-O Nxf4 14. Bxf4
Nc7 15. Qc1 Ne6 16. Bh6 c5 17. Bxg7 Kxg7 18. Qe3 Bc6 19. Rad1 Qc7 20. Nh4
Bxg2 21. Nxg2 Rad8 22. f4 Rxd1 1/2-1/2